Lala Shri Ram: a study in entrepreneurship and industrial management (Record no. 494705)

000 -LEADER
fixed length control field 00418cam a22001337a 4500
008 - FIXED-LENGTH DATA ELEMENTS--GENERAL INFORMATION
fixed length control field 180718b1975 xxu||||| |||| 00| 0 eng d
020 ## - INTERNATIONAL STANDARD BOOK NUMBER
International Standard Book Number 0210406518
082 ## - DEWEY DECIMAL CLASSIFICATION NUMBER
Classification number A99 Sh86 J776 c.2
100 ## - MAIN ENTRY--PERSONAL NAME
Personal name Joshi, Arun
245 ## - TITLE STATEMENT
Title Lala Shri Ram: a study in entrepreneurship and industrial management
Statement of responsibility, etc. by Arun Joshi
260 ## - PUBLICATION, DISTRIBUTION, ETC.
Place of publication, distribution, etc. New Delhi
Name of publisher, distributor, etc. Shri Ram Memorial Foundation
Date of publication, distribution, etc. 1975
300 ## - PHYSICAL DESCRIPTION
Extent 432p
650 ## - SUBJECT ADDED ENTRY--TOPICAL TERM
Topical term or geographic name entry element Shri Ram, 1884-1963.
Holdings
Withdrawn status Lost status Damaged status Not for loan Permanent Location Current Location Date acquired Full call number Barcode Date last seen Price effective from Koha item type
        Indian Institute of Public Administration Indian Institute of Public Administration 2018-08-04 A99 Sh86 J776 c.2 GR11770 2018-08-04 2018-08-04 GR

Powered by Koha